[Event "Wch Blitz (Women)"]
[Site "Moscow"]
[Date "2019.12.30"]
[Round "16"]
[White "Kashlinskaya, Alina"]
[Black "Matveeva, Svetlana"]
[Result "1-0"]
[WhiteElo "2484"]
[BlackElo "2375"]
[PlyCount "71"]
[EventDate "2019.12.29"]
[EventType "swiss (blitz)"]
[EventRounds "17"]
[EventCountry "RUS"]
[SourceTitle "CBM 193 Extra"]
[Source "ChessBase"]
[SourceDate "2020.01.31"]
[SourceVersion "1"]
[SourceVersionDate "2020.01.31"]
[SourceQuality "1"]

1. d4 e6 2. c4 b6 3. a3 Bb7 4. Nc3 f5 5. Bf4 Nf6 6. e3 g6 7. Nf3 Bg7 8. Be2 0-0 9. 0-0 d6 10. h3 Nbd7 11. Bh2 Qe7 12. b4 Rfd8 13. Qb3 Kh8 14. Rac1 e5 15. Rfd1 exd4 16. Nxd4 a6 17. Bf3 Bxf3 18. Nxf3 Ne5 19. Nxe5 dxe5 20. Nd5 Nxd5 21. Rxd5 c6 22. Rdd1 Rxd1+ 23. Rxd1 Rd8 24. Bg3 b5 25. cxb5 cxb5 26. Rd5 h6 27. Qd1 Rxd5 28. Qxd5 Kh7 29. Qc6 Qf6 30. Qc7 g5 31. f3 f4 32. exf4 exf4 33. Bf2 Qa1+ 34. Kh2 Qxa3 35. Bd4 Kg6 36. Qxg7+ 1-0

[Event "Wch Blitz (Women)"]
[Site "Moscow"]
[Date "2019.12.30"]
[Round "11"]
[White "Matveeva, Svetlana"]
[Black "Goltseva, Ekaterina"]
[Result "0-1"]
[WhiteElo "2375"]
[BlackElo "2297"]
[PlyCount "70"]
[EventDate "2019.12.29"]
[EventType "swiss (blitz)"]
[EventRounds "17"]
[EventCountry "RUS"]
[SourceTitle "CBM 193 Extra"]
[Source "ChessBase"]
[SourceDate "2020.01.31"]
[SourceVersion "1"]
[SourceVersionDate "2020.01.31"]
[SourceQuality "1"]

1. d4 Nf6 2. c4 e6 3. Nc3 Bb4 4. Qc2 0-0 5. a3 Bxc3+ 6. Qxc3 d5 7. Nf3 dxc4 8. Qxc4 b6 9. Bg5 Ba6 10. Qa4 Qd7 11. Qxd7 Nbxd7 12. g3 c5 13. Bg2 Rac8 14. Rd1 h6 15. Bf4 cxd4 16. Bd6 Rc2 17. Nxd4 Rxb2 18. Bxf8 Kxf8 19. 0-0 e5 20. Nc6 Bxe2 21. Rfe1 Bxd1 22. Rxd1 a5 23. Bh3 Rc2 24. Nb8 Nxb8 25. Rd8+ Ke7 26. Rxb8 Nd5 27. Rb7+ Kf6 28. Bg2 Rc1+ 29. Bf1 e4 30. Kg2 e3 31. Bd3 Rc3 32. Bb5 Rxa3 33. Bc6 e2 34. Bxd5 e1Q 35. Rxf7+ Kg6 0-1

[Event "Wch Blitz (Women)"]
[Site "Moscow"]
[Date "2019.12.30"]
[Round "17"]
[White "Matveeva, Svetlana"]
[Black "Injac, Teodora"]
[Result "1-0"]
[WhiteElo "2375"]
[BlackElo "2284"]
[PlyCount "89"]
[EventDate "2019.12.29"]
[EventType "swiss (blitz)"]
[EventRounds "17"]
[EventCountry "RUS"]
[SourceTitle "CBM 193 Extra"]
[Source "ChessBase"]
[SourceDate "2020.01.31"]
[SourceVersion "1"]
[SourceVersionDate "2020.01.31"]
[SourceQuality "1"]

1. d4 Nf6 2. c4 g6 3. g3 Bg7 4. Bg2 0-0 5. Nc3 d6 6. Nf3 Nc6 7. d5 Na5 8. Nd2 c5 9. Rb1 a6 10. b3 Rb8 11. Bb2 b5 12. Qc2 e5 13. 0-0 Nh5 14. e4 f5 15. exf5 gxf5 16. Ba1 Bd7 17. f4 exf4 18. gxf4 Bd4+ 19. Kh1 bxc4 20. bxc4 Rxb1 21. Qxb1 Qf6 22. Ne2 Bxa1 23. Qxa1 Qxa1 24. Rxa1 Re8 25. Bf3 Nf6 26. Rb1 Ne4 27. Nxe4 fxe4 28. Bh5 Rf8 29. Rc1 Rb8 30. Rc2 Rb4 31. Ng3 Bh3 32. Kg1 e3 33. Be2 Rb1+ 34. Nf1 Bf5 35. Rc3 Rb2 36. Rxe3 Rxa2 37. Ng3 Bh3 38. f5 Ra1+ 39. Kf2 Ra2 40. Kf3 Rb2 41. Kf4 Nb3 42. Kg5 Nd4 43. Re8+ Kg7 44. f6+ Kf7 45. Bh5# 1-0

[Event "Wch Blitz (Women)"]
[Site "Moscow"]
[Date "2019.12.29"]
[Round "6"]
[White "Borisova, Ekaterina"]
[Black "Matveeva, Svetlana"]
[Result "0-1"]
[WhiteElo "2344"]
[BlackElo "2375"]
[PlyCount "158"]
[EventDate "2019.12.29"]
[EventType "swiss (blitz)"]
[EventRounds "17"]
[EventCountry "RUS"]
[SourceTitle "CBM 193 Extra"]
[Source "ChessBase"]
[SourceDate "2020.01.31"]
[SourceVersion "1"]
[SourceVersionDate "2020.01.31"]
[SourceQuality "1"]

1. Nf3 d5 2. g3 Nf6 3. Bg2 c6 4. 0-0 Bf5 5. d3 h6 6. c4 e6 7. cxd5 exd5 8. Nc3 Be7 9. Qb3 Qb6 10. Qc2 Nbd7 11. e4 dxe4 12. dxe4 Bh7 13. Be3 Qa5 14. Rfd1 0-0 15. Nd4 Nc5 16. a3 Qc7 17. b4 Ncd7 18. Bf4 Ne5 19. Nf5 Bxf5 20. exf5 Rfe8 21. Re1 Bd6 22. h3 Rad8 23. Rac1 Nc4 24. Bxd6 Nxd6 25. g4 Rxe1+ 26. Rxe1 Re8 27. Rd1 Nc4 28. Qa2 Qf4 29. Ne2 Qe5 30. Qxc4 Qxe2 31. Qxe2 Rxe2 32. Rd8+ Re8 33. Rd3 Kf8 34. Kf1 Ke7 35. Bf3 Rd8 36. Re3+ Kd6 37. h4 Nd5 38. Bxd5 cxd5 39. Ke2 Rc8 40. Kd2 d4 41. Re4 Rc4 42. f3 b5 43. g5 hxg5 44. hxg5 a6 45. f6 gxf6 46. gxf6 Kd5 47. Re7 Rc3 48. Ke2 Rxa3 49. Rxf7 Ke6 50. Rf8 Rb3 51. f4 Rxb4 52. Kd3 Ra4 53. Ke4 d3+ 54. Kxd3 Rxf4 55. Ra8 Ra4 56. Rf8 Kf5 57. Kc3 a5 58. Rb8 b4+ 59. Kc4 Kxf6 60. Rb5 Ke6 61. Rb6+ Kd7 62. Rb5 Kc6 63. Rh5 Ra3 64. Rh6+ Kc7 65. Rh7+ Kd6 66. Rh6+ Ke5 67. Rh5+ Kf4 68. Rh4+ Kg5 69. Re4 b3 70. Re3 a4 71. Kb4 Ra2 72. Kc3 Kf4 73. Re8 b2 74. Rf8+ Ke5 75. Re8+ Kd6 76. Kc2 a3 77. Rb8 Ra1 78. Rb5 Rc1+ 79. Kd2 b1Q 0-1

[Event "Wch Blitz (Women)"]
[Site "Moscow"]
[Date "2019.12.29"]
[Round "4"]
[White "Ovezdurdiyeva, Jemal"]
[Black "Matveeva, Svetlana"]
[Result "1-0"]
[WhiteElo "2061"]
[BlackElo "2375"]
[PlyCount "81"]
[EventDate "2019.12.29"]
[EventType "swiss (blitz)"]
[EventRounds "17"]
[EventCountry "RUS"]
[SourceTitle "CBM 193 Extra"]
[Source "ChessBase"]
[SourceDate "2020.01.31"]
[SourceVersion "1"]
[SourceVersionDate "2020.01.31"]
[SourceQuality "1"]

1. d4 e6 2. c4 b6 3. Nc3 Bb7 4. e4 Bb4 5. Qc2 Ne7 6. Bd3 f5 7. a3 Bxc3+ 8. bxc3 0-0 9. Nf3 fxe4 10. Bxe4 Bxe4 11. Qxe4 Nbc6 12. 0-0 Nf5 13. d5 Nd6 14. Qd3 Na5 15. Ng5 Rf5 16. dxe6 Rxg5 17. Bxg5 Qxg5 18. exd7 Naxc4 19. Rae1 Rd8 20. f4 Qc5+ 21. Kh1 Rxd7 22. Re2 Qf5 23. Qg3 Ne4 24. Qh4 Ncd6 25. Rfe1 h6 26. c4 Nf6 27. h3 Nxc4 28. Re7 Nd6 29. R1e5 Qb1+ 30. Kh2 Rxe7 31. Rxe7 Nf5 32. Qe1 Nxe7 33. Qxb1 Ned5 34. Qb3 a5 35. g4 c6 36. g5 hxg5 37. fxg5 Ne4 38. g6 Nc5 39. Qf3 Nf6 40. Qxc6 a4 41. Qc8+ 1-0

[Event "EU-ch (Women) 16th"]
[Site "Chakvi"]
[Date "2015.05.24"]
[Round "6"]
[White "Matveeva, Svetlana"]
[Black "Imnadze, Nato"]
[Result "1-0"]
[WhiteElo "2380"]
[BlackElo "2196"]
[PlyCount "115"]
[EventDate "2015.05.19"]
[EventType "swiss"]
[EventRounds "11"]
[EventCountry "GEO"]
[SourceTitle "CBM 166 Extra"]
[Source "ChessBase"]
[SourceDate "2015.06.18"]
[SourceVersion "1"]
[SourceVersionDate "2015.06.18"]
[SourceQuality "1"]

1. d4 d5 2. c4 c6 3. Nc3 Nf6 4. e3 e6 5. Nf3 Nbd7 6. Bd2 Bd6 7. Bd3 0-0 8. 0-0 dxc4 9. Bxc4 e5 10. Qc2 Qe7 11. h3 e4 12. Ng5 Nb6 13. Bb3 Nfd5 14. Ngxe4 Bf5 15. f3 Nxc3 16. bxc3 Rae8 17. Qb1 Bb8 18. Rf2 Bg6 19. Qf1 Qc7 20. g4 Rxe4 21. fxe4 Bxe4 22. Rg2 Qe7 23. Qf2 Nd5 24. c4 Bxg2 25. Qxg2 Nf6 26. Rf1 Ne4 27. Bc1 c5 28. Bc2 Re8 29. Bxe4 Qxe4 30. Qxe4 Rxe4 31. Kf2 cxd4 32. Kf3 f5 33. Rd1 Be5 34. gxf5 Rh4 35. exd4 Rxd4 36. Rxd4 Bxd4 37. Ke4 Bc3 38. Be3 a6 39. Bd4 Bb4 40. Kd5 Kf7 41. a4 Ba3 42. Bc5 Bc1 43. Kd6 Bf4+ 44. Kd7 Kf6 45. Kc8 Kxf5 46. Kxb7 g5 47. Kxa6 h5 48. a5 h4 49. Kb7 g4 50. hxg4+ Kxg4 51. a6 h3 52. Bg1 Be3 53. Bh2 Bf4 54. a7 Bxh2 55. a8Q Kg3 56. Ka6 Bg1 57. Qh1 h2 58. Kb5 1-0

[Event "EU-ch (Women) 16th"]
[Site "Chakvi"]
[Date "2015.05.23"]
[Round "5"]
[White "Isgandarova, Khayala Ilqar Qizi"]
[Black "Matveeva, Svetlana"]
[Result "1/2-1/2"]
[WhiteElo "2243"]
[BlackElo "2380"]
[PlyCount "80"]
[EventDate "2015.05.19"]
[EventType "swiss"]
[EventRounds "11"]
[EventCountry "GEO"]
[SourceTitle "CBM 166 Extra"]
[Source "ChessBase"]
[SourceDate "2015.06.18"]
[SourceVersion "1"]
[SourceVersionDate "2015.06.18"]
[SourceQuality "1"]

1. e4 g6 2. d4 Bg7 3. Nc3 c6 4. f4 d5 5. e5 Nh6 6. Nf3 Bg4 7. h3 Bxf3 8. Qxf3 f6 9. exf6 Bxf6 10. Be3 Nf5 11. 0-0-0 Nd7 12. g4 Nxe3 13. Qxe3 Qb6 14. h4 0-0-0 15. g5 Bg7 16. Bh3 Kb8 17. Qxe7 Bf8 18. Qf7 Qc7 19. Rhe1 Bd6 20. f5 Rdf8 21. Qg7 Rfg8 22. Qf7 Rf8 23. Qe6 gxf5 24. Bxf5 Nb6 25. Bd3 Bg3 26. Rf1 Bxh4 27. Qh6 Rxf1 28. Rxf1 Qg3 29. Kb1 Re8 30. Ne2 Qxg5 31. Qd6+ Ka8 32. Rf8 Rxf8 33. Qxf8+ Qd8 34. Qxd8+ Bxd8 35. Bxh7 Nc4 36. c3 a5 37. b3 Nd6 38. a4 Bg5 39. Kc2 b6 40. Bg6 Kb7 1/2-1/2

[Event "EU-ch (Women) 16th"]
[Site "Chakvi"]
[Date "2015.05.21"]
[Round "3"]
[White "Zaksaite, Salomeja"]
[Black "Matveeva, Svetlana"]
[Result "1-0"]
[WhiteElo "2203"]
[BlackElo "2380"]
[PlyCount "90"]
[EventDate "2015.05.19"]
[EventType "swiss"]
[EventRounds "11"]
[EventCountry "GEO"]
[SourceTitle "CBM 166 Extra"]
[Source "ChessBase"]
[SourceDate "2015.06.18"]
[SourceVersion "1"]
[SourceVersionDate "2015.06.18"]
[SourceQuality "1"]

1. e4 e6 2. d4 d5 3. Nd2 a6 4. Ngf3 c5 5. dxc5 Bxc5 6. Bd3 Nc6 7. 0-0 Nf6 8. a3 0-0 9. b4 Ba7 10. Bb2 b5 11. Re1 Bb7 12. Qe2 Re8 13. Rad1 e5 14. exd5 Nd4 15. Nxd4 exd4 16. Qf3 Bxd5 17. Ne4 Kf8 18. Qf4 Bxe4 19. Bxe4 Qe7 20. Kf1 Nxe4 21. f3 g5 22. Qxe4 Qxe4 23. Rxe4 Rxe4 24. fxe4 Rc8 25. Rd2 Ke7 26. Ke2 Ke6 27. Kd3 Rc4 28. Rf2 Bb8 29. Rf5 Bxh2 30. Bxd4 Rc6 31. Rf6+ Kd7 32. Rxf7+ Ke8 33. Rxh7 Bf4 34. Rb7 Bc1 35. Rb6 Rxb6 36. Bxb6 Bxa3 37. c3 g4 38. Kc2 Kd7 39. Be3 a5 40. Kb3 axb4 41. cxb4 Ke6 42. Bf4 Bc1 43. Bxc1 Ke5 44. Kc3 Kxe4 45. Bd2 Kd5 1-0

[Event "EU-ch (Women) 16th"]
[Site "Chakvi"]
[Date "2015.05.20"]
[Round "2"]
[White "Matveeva, Svetlana"]
[Black "Galliamova, Alisa"]
[Result "1/2-1/2"]
[WhiteElo "2380"]
[BlackElo "2478"]
[PlyCount "40"]
[EventDate "2015.05.19"]
[EventType "swiss"]
[EventRounds "11"]
[EventCountry "GEO"]
[SourceTitle "CBM 166 Extra"]
[Source "ChessBase"]
[SourceDate "2015.06.18"]
[SourceVersion "1"]
[SourceVersionDate "2015.06.18"]
[SourceQuality "1"]

1. d4 d5 2. c4 c6 3. Nf3 Nf6 4. e3 Bg4 5. Nbd2 e6 6. Qb3 Qc7 7. h3 Bh5 8. g4 Bg6 9. Ne5 Nbd7 10. Nxg6 hxg6 11. Bg2 g5 12. e4 dxe4 13. Nxe4 Nxe4 14. Bxe4 Nf6 15. Bg2 0-0-0 16. Be3 Qa5+ 17. Bd2 Qc7 18. Be3 Qa5+ 19. Bd2 Qc7 20. Be3 Qa5+ 1/2-1/2

[Event "World-ch (Women) k.o."]
[Site "Khanty-Mansiysk"]
[Date "2012.11.11"]
[Round "1.1"]
[White "Pogonina, Natalija"]
[Black "Matveeva, Svetlana"]
[Result "1/2-1/2"]
[WhiteElo "2478"]
[BlackElo "2377"]
[PlyCount "71"]
[EventDate "2012.11.11"]
[EventType "k.o."]
[EventRounds "6"]
[EventCountry "RUS"]
[SourceTitle "CBM 152"]
[Source "ChessBase"]
[SourceDate "2013.01.15"]
[SourceVersion "1"]
[SourceVersionDate "2013.01.15"]
[SourceQuality "1"]

1. e4 e6 2. d4 d5 3. Nd2 a6 4. Ngf3 c5 5. exd5 exd5 6. dxc5 Bxc5 7. Nb3 Bb6 8. Bd3 Nc6 9. 0-0 Bg4 10. h3 Bh5 11. Re1+ Nge7 12. Be3 Bc7 13. c3 Bxf3 14. Qxf3 Ne5 15. Qe2 0-0 16. Rad1 Re8 17. c4 Nxd3 18. Qxd3 dxc4 19. Qxc4 Qc8 20. Rc1 Nc6 21. Nc5 Be5 22. b3 b5 23. Qc2 Nd4 24. Qd3 Qf5 25. Kf1 h6 26. Qxf5 Nxf5 27. Bd2 Nd6 28. Red1 Bb2 29. Rc2 Ba3 30. Bf4 Ne4 31. Nxe4 Rxe4 32. Be3 Re6 33. Rd7 Rae8 34. Rcc7 R8e7 35. Rxe7 Bxe7 36. Ra7 1/2-1/2

[Event "RUS-ch (Women) 61st"]
[Site "Taganrog"]
[Date "2011.06.22"]
[Round "6"]
[White "Matveeva, Svetlana"]
[Black "Voit, Daria"]
[Result "1/2-1/2"]
[WhiteElo "2380"]
[BlackElo "2306"]
[PlyCount "140"]
[EventDate "2011.05.15"]
[EventType "swiss"]
[EventRounds "9"]
[EventCountry "RUS"]
[SourceTitle "EXT 2012"]
[Source "ChessBase"]
[SourceDate "2011.11.24"]
[SourceVersion "1"]
[SourceVersionDate "2011.11.24"]
[SourceQuality "1"]

1. d4 g6 2. c4 Bg7 3. Nf3 Nf6 4. g3 d5 5. cxd5 Nxd5 6. Bg2 Nb6 7. 0-0 Nc6 8. e3 0-0 9. Nc3 Re8 10. Re1 a5 11. d5 Bxc3 12. bxc3 Nxd5 13. Qc2 Nf6 14. e4 e5 15. Rb1 b6 16. Ba3 Be6 17. Bf1 Bg4 18. Re3 Nd7 19. h3 Be6 20. Rd1 Qf6 21. Nh2 Rad8 22. Ng4 Qg7 23. Rf3 Ncb8 24. Bc1 h5 25. Nh6+ Kh7 26. Nf5 Qf8 27. Ne3 Nc5 28. Nd5 Bxd5 29. exd5 c6 30. c4 Nba6 31. a3 cxd5 32. cxd5 Rd6 33. Bb5 Red8 34. Bxa6 Nxa6 35. Qe2 Rxd5 36. Rxd5 Rxd5 37. Bb2 Nc5 38. Bxe5 Qe7 39. Re3 Ne6 40. Qf3 Rc5 41. Bf6 Rc1+ 42. Kh2 Qd7 43. Rd3 Qc6 44. Bb2 Ng5 45. Qxc6 Rxc6 46. Rd8 f6 47. Rd7+ Kh6 48. Kg2 Ne4 49. Re7 Nc3 50. h4 Nd5 51. Rd7 Ne3+ 52. Kf3 Ng4 53. Rb7 Rd6 54. Bc1+ g5 55. Ke2 Kg6 56. f3 Re6+ 57. Kf1 Ne5 58. hxg5 Nxf3 59. gxf6 Kxf6 60. Bf4 Kf5 61. Kf2 Ne5 62. Bxe5 Kxe5 63. Rh7 Rf6+ 64. Ke3 Rf5 65. Rd7 a4 66. Rb7 Rg5 67. Kf3 Rg6 68. Ra7 Rg4 69. Rh7 Rg5 70. Rb7 Rg6 1/2-1/2

[Event "RUS-ch (Women) 61st"]
[Site "Taganrog"]
[Date "2011.06.19"]
[Round "4"]
[White "Matveeva, Svetlana"]
[Black "Tomilova, Elena"]
[Result "0-1"]
[WhiteElo "2380"]
[BlackElo "2317"]
[PlyCount "86"]
[EventDate "2011.05.15"]
[EventType "swiss"]
[EventRounds "9"]
[EventCountry "RUS"]
[SourceTitle "EXT 2012"]
[Source "ChessBase"]
[SourceDate "2011.11.24"]
[SourceVersion "1"]
[SourceVersionDate "2011.11.24"]
[SourceQuality "1"]

1. d4 d5 2. c4 c6 3. Nc3 dxc4 4. e4 b5 5. a4 b4 6. Nb1 Ba6 7. Nf3 Nf6 8. e5 Nd5 9. e6 f6 10. Be2 Qc8 11. 0-0 Qxe6 12. Re1 Qf7 13. Nbd2 Nf4 14. Bf1 Qg6 15. Ne4 Nh3+ 16. Kh1 Qxe4 17. gxh3 Qf5 18. Bg2 Nd7 19. Bd2 Qa5 20. Re6 c3 21. bxc3 bxc3 22. Be1 Rc8 23. Rc1 Bc4 24. Re3 Qh5 25. Bxc3 e6 26. Bd2 Bd5 27. Qe2 Be7 28. Rxe6 Bxe6 29. Qxe6 Qf7 30. Qf5 Nb6 31. a5 g6 32. Qg4 h5 33. Qe4 Nd5 34. Nh4 f5 35. Qe5 Kd7 36. Rxc6 Kxc6 37. Nxg6 Qxg6 38. Qxd5+ Kc7 39. Qb7+ Kd8 40. a6 Qe6 41. Ba5+ Ke8 42. Bd5 Rg8 43. Bd2 Rc1+ 0-1

[Event "RUS-ch (Women) 61st"]
[Site "Taganrog"]
[Date "2011.06.17"]
[Round "3"]
[White "Belenkaya, Dina"]
[Black "Matveeva, Svetlana"]
[Result "0-1"]
[WhiteElo "2198"]
[BlackElo "2380"]
[PlyCount "52"]
[EventDate "2011.05.15"]
[EventType "swiss"]
[EventRounds "9"]
[EventCountry "RUS"]
[SourceTitle "EXT 2012"]
[Source "ChessBase"]
[SourceDate "2011.11.24"]
[SourceVersion "1"]
[SourceVersionDate "2011.11.24"]
[SourceQuality "1"]

1. d4 Nf6 2. c4 e6 3. Nf3 b6 4. Bg5 h6 5. Bh4 g5 6. Bg3 Ne4 7. Nbd2 Nxg3 8. hxg3 Bg7 9. e4 d6 10. Nb3 Bb7 11. Bd3 c5 12. Qe2 cxd4 13. Nfxd4 Nd7 14. Rc1 a6 15. Bb1 Qf6 16. Rd1 Nc5 17. 0-0 h5 18. Nxc5 dxc5 19. Nf3 g4 20. Nh4 Qxb2 21. Qd3 Bd4 22. Rd2 Qc3 23. Qe2 0-0-0 24. Rc2 Qxg3 25. Rb2 Qxh4 26. Rxb6 g3 0-1

[Event "EU-ch (Women) 12th"]
[Site "Tbilisi"]
[Date "2011.05.17"]
[Round "10"]
[White "Muzychuk, Mariya"]
[Black "Matveeva, Svetlana"]
[Result "0-1"]
[WhiteElo "2473"]
[BlackElo "2380"]
[PlyCount "64"]
[EventDate "2011.05.07"]
[EventType "swiss"]
[EventRounds "11"]
[EventCountry "GEO"]
[SourceTitle "CBM 142 Extra"]
[Source "ChessBase"]
[SourceDate "2011.06.27"]
[SourceVersion "1"]
[SourceVersionDate "2011.06.27"]
[SourceQuality "1"]

1. e4 e6 2. d4 d5 3. Nc3 Nf6 4. Bg5 Be7 5. e5 Nfd7 6. h4 Bxg5 7. hxg5 Qxg5 8. Qd3 g6 9. Nf3 Qe7 10. 0-0-0 Nc6 11. Qe3 Nf8 12. Rh6 Bd7 13. Qf4 0-0-0 14. Be2 Be8 15. Ng5 Nb8 16. Rdh1 a6 17. R1h3 Nbd7 18. Rf3 Rg8 19. Nd1 c5 20. dxc5 Nxc5 21. Nc3 Qc7 22. Nxh7 Nxh7 23. Rxh7 d4 24. b4 Nd7 25. Qxd4 Nxe5 26. Qa7 Nxf3 27. Bxf3 Qf4+ 28. Kb2 Qxb4+ 29. Kc1 Rd6 30. Ne4 Rb6 31. Nf6 Qf4+ 32. Kd1 Rb1+ 0-1

[Event "EU-ch (Women) 12th"]
[Site "Tbilisi"]
[Date "2011.05.13"]
[Round "7"]
[White "Matveeva, Svetlana"]
[Black "Gavasheli, Ana"]
[Result "1-0"]
[WhiteElo "2380"]
[BlackElo "2160"]
[PlyCount "135"]
[EventDate "2011.05.07"]
[EventType "swiss"]
[EventRounds "11"]
[EventCountry "GEO"]
[SourceTitle "CBM 142 Extra"]
[Source "ChessBase"]
[SourceDate "2011.06.27"]
[SourceVersion "1"]
[SourceVersionDate "2011.06.27"]
[SourceQuality "1"]

1. d4 d5 2. c4 e6 3. Nc3 Be7 4. cxd5 exd5 5. Bf4 c6 6. e3 Bd6 7. Bxd6 Qxd6 8. Bd3 Nf6 9. Qc2 0-0 10. h3 Nbd7 11. Nf3 Re8 12. 0-0 Qe7 13. Nd2 Nf8 14. Rae1 Bd7 15. b4 a5 16. b5 cxb5 17. Bxb5 Rac8 18. Bxd7 N8xd7 19. Qb3 Qb4 20. Rc1 Qxb3 21. Nxb3 b6 22. Nb5 g6 23. Nd6 Rxc1 24. Rxc1 Re6 25. Nb5 Kg7 26. Nd2 Nb8 27. Rc8 Nc6 28. a3 Ne7 29. Rc7 Ne8 30. Rb7 Kf8 31. Nb1 Rc6 32. N1c3 h5 33. Rb8 f6 34. Rd8 Kf7 35. g4 hxg4 36. hxg4 Nc7 37. Nxc7 Rxc3 38. Nxd5 Nxd5 39. Rxd5 Rxa3 40. Rb5 a4 41. Rxb6 Ra1+ 42. Kg2 a3 43. Ra6 a2 44. Kf3 Ke7 45. Kf4 Kd7 46. g5 Rg1 47. Rxa2 Rxg5 48. e4 Rb5 49. d5 Rb7 50. f3 Ke7 51. Ra3 Kf7 52. Ke3 g5 53. Kd4 Rb1 54. Kc5 Rd1 55. Kd6 Rf1 56. e5 fxe5 57. Kxe5 Ke7 58. Ra7+ Ke8 59. Ke6 Re1+ 60. Kd6 Re3 61. Rg7 Rxf3 62. Rg8+ Kf7 63. Rxg5 Ra3 64. Re5 Ra6+ 65. Kc7 Ra7+ 66. Kb6 Ra1 67. d6 Rb1+ 68. Kc7 1-0

[Event "EU-ch (Women) 12th"]
[Site "Tbilisi"]
[Date "2011.05.12"]
[Round "6"]
[White "Bulmaga, Irina"]
[Black "Matveeva, Svetlana"]
[Result "1/2-1/2"]
[WhiteElo "2284"]
[BlackElo "2380"]
[PlyCount "88"]
[EventDate "2011.05.07"]
[EventType "swiss"]
[EventRounds "11"]
[EventCountry "GEO"]
[SourceTitle "CBM 142 Extra"]
[Source "ChessBase"]
[SourceDate "2011.06.27"]
[SourceVersion "1"]
[SourceVersionDate "2011.06.27"]
[SourceQuality "1"]

1. e4 e6 2. Qe2 c5 3. Nf3 Nc6 4. d3 Nf6 5. g3 d6 6. Bg2 Be7 7. c3 e5 8. 0-0 0-0 9. Na3 Ne8 10. Ne1 Be6 11. Nc4 Nc7 12. a4 Qd7 13. Nc2 f6 14. N2e3 d5 15. exd5 Nxd5 16. Nxd5 Bxd5 17. Bxd5+ Qxd5 18. Be3 Rad8 19. Rad1 Rd7 20. Rd2 Rfd8 21. f4 exf4 22. Bxf4 Bf8 23. Rdd1 Re7 24. Qf3 Qxf3 25. Rxf3 Red7 26. Kf2 b6 27. g4 Rb7 28. Re3 Kf7 29. Rde1 Rd5 30. R1e2 Rbd7 31. Rd2 g5 32. Bg3 f5 33. gxf5 Rxf5+ 34. Kg2 h5 35. h3 Be7 36. Rde2 Rf6 37. Be5 Re6 38. Bg3 Rxe3 39. Rxe3 Kf6 40. Rf3+ Kg6 41. Re3 Kf5 42. Rf3+ Ke6 43. Re3+ Kf5 44. Rf3+ Ke6 1/2-1/2

[Event "EU-ch (Women) 12th"]
[Site "Tbilisi"]
[Date "2011.05.07"]
[Round "1"]
[White "Matveeva, Svetlana"]
[Black "Ibrahimova, Sabina Oqtay"]
[Result "0-1"]
[WhiteElo "2380"]
[BlackElo "2078"]
[PlyCount "96"]
[EventDate "2011.05.07"]
[EventType "swiss"]
[EventRounds "11"]
[EventCountry "GEO"]
[SourceTitle "CBM 142 Extra"]
[Source "ChessBase"]
[SourceDate "2011.06.27"]
[SourceVersion "1"]
[SourceVersionDate "2011.06.27"]
[SourceQuality "1"]

1. d4 Nf6 2. c4 g6 3. Nc3 Bg7 4. e4 d6 5. Nf3 0-0 6. Be2 e5 7. Be3 Ng4 8. Bg5 f6 9. Bh4 Qe8 10. h3 Nh6 11. Qd2 c6 12. d5 c5 13. g4 Nf7 14. Qc2 Na6 15. a3 Nc7 16. Nd2 Bd7 17. f3 a6 18. Kf1 b5 19. Kg2 Rb8 20. Rab1 b4 21. axb4 cxb4 22. Nd1 a5 23. b3 a4 24. Nb2 a3 25. Nd3 Qd8 26. Bf2 Bh6 27. c5 dxc5 28. Bxc5 Nb5 29. Bxb4 Nd4 30. Qd1 Rxb4 31. Nxb4 Qa5 32. Nc6 Qxd2 33. Qxd2 Bxd2 34. Nxd4 exd4 35. Ra1 Ra8 36. Ra2 Bc3 37. Rb1 g5 38. b4 Ne5 39. Rb3 Bb2 40. b5 Rb8 41. b6 Ba4 42. Rbxb2 axb2 43. Rxb2 d3 44. Bf1 Bc2 45. Kf2 d2 46. Be2 d1Q 47. Bxd1 Bxd1 48. b7 Bxf3 0-1

[Event "RUS-ch (Women) 60th"]
[Site "Moscow"]
[Date "2010.11.21"]
[Round "6"]
[White "Kosintseva, Tatiana"]
[Black "Matveeva, Svetlana"]
[Result "1-0"]
[WhiteElo "2581"]
[BlackElo "2389"]
[PlyCount "65"]
[EventDate "2010.11.16"]
[EventType "tourn"]
[EventRounds "11"]
[EventCountry "RUS"]
[EventCategory "9"]
[SourceTitle "CBM 139 Extra"]
[Source "ChessBase"]
[SourceDate "2011.01.05"]
[SourceVersion "1"]
[SourceVersionDate "2011.01.05"]
[SourceQuality "1"]

1. e4 e6 2. d4 d5 3. Nc3 Nf6 4. e5 Nfd7 5. f4 c5 6. Nf3 Nc6 7. Be3 Be7 8. Qd2 a6 9. Bd3 b5 10. a3 Bb7 11. 0-0 Qb6 12. dxc5 Bxc5 13. Bxc5 Nxc5 14. Kh1 d4 15. Ne4 Nxe5 16. fxe5 Nxe4 17. Qf4 f5 18. exf6 Nxf6 19. Ne5 0-0 20. Qh4 Qc7 21. Rae1 Rad8 22. Kg1 Rd5 23. Ng4 Rd6 24. Re5 h6 25. Nxh6+ gxh6 26. Qxh6 Rd7 27. Rxf6 Rg7 28. Rxf8+ Kxf8 29. Rg5 Qf7 30. h4 Bd5 31. Rg4 e5 32. Rxg7 Qxg7 33. Qd6+ 1-0

[Event "RUS-ch (Women) 60th"]
[Site "Moscow"]
[Date "2010.11.20"]
[Round "5"]
[White "Matveeva, Svetlana"]
[Black "Gunina, Valentina"]
[Result "0-1"]
[WhiteElo "2389"]
[BlackElo "2479"]
[PlyCount "82"]
[EventDate "2010.11.16"]
[EventType "tourn"]
[EventRounds "11"]
[EventCountry "RUS"]
[EventCategory "9"]
[SourceTitle "CBM 139 Extra"]
[Source "ChessBase"]
[SourceDate "2011.01.05"]
[SourceVersion "1"]
[SourceVersionDate "2011.01.05"]
[SourceQuality "1"]

1. d4 d5 2. c4 c6 3. Nc3 Nf6 4. e3 e6 5. Nf3 Nbd7 6. Qc2 Bd6 7. Bd2 0-0 8. 0-0-0 b5 9. cxb5 Bb7 10. bxc6 Bxc6 11. Kb1 Rb8 12. Ka1 Qb6 13. Bd3 Rfc8 14. Rb1 Qb7 15. Rhc1 Nb6 16. Be1 a5 17. Ne5 Bxe5 18. dxe5 Nfd7 19. f4 a4 20. Bxh7+ Kh8 21. Bd3 Nc5 22. Qd1 Kg8 23. Ne2 Nb3+ 24. axb3 axb3 25. Rc5 Ra8+ 26. Ra5 Rxa5+ 27. Bxa5 Ra8 28. Qd2 Nc4 29. Bxc4 Qb6 30. Bxb3 Rxa5+ 31. Qxa5 Qxa5+ 32. Ba2 Qd2 33. Nd4 Ba4 34. b3 Bd7 35. g3 Qc3+ 36. Rb2 Qxe3 37. Nc2 Qc3 38. b4 d4 39. Bb3 d3 40. Na3 d2 41. Nb1 Qxb3 0-1

[Event "RUS-ch (Women) 60th"]
[Site "Moscow"]
[Date "2010.11.19"]
[Round "4"]
[White "Nebolsina, Vera"]
[Black "Matveeva, Svetlana"]
[Result "1-0"]
[WhiteElo "2377"]
[BlackElo "2389"]
[PlyCount "87"]
[EventDate "2010.11.16"]
[EventType "tourn"]
[EventRounds "11"]
[EventCountry "RUS"]
[EventCategory "9"]
[SourceTitle "CBM 139 Extra"]
[Source "ChessBase"]
[SourceDate "2011.01.05"]
[SourceVersion "1"]
[SourceVersionDate "2011.01.05"]
[SourceQuality "1"]

1. d4 d5 2. c4 dxc4 3. Nf3 e6 4. e3 c5 5. Bxc4 a6 6. 0-0 Nf6 7. Bb3 Be7 8. dxc5 Qxd1 9. Bxd1 Bxc5 10. Ne5 Nfd7 11. Nd3 Be7 12. Bd2 Nc6 13. Bc3 f6 14. Nd2 Nb6 15. Bh5+ g6 16. Bf3 Kf7 17. Bxc6 bxc6 18. Ba5 Rb8 19. Rfd1 Rd8 20. Nb3 Rd5 21. e4 Rb5 22. Nd4 Rxa5 23. Nxc6 Bb7 24. Nxb8 Bxe4 25. f3 Bd5 26. Nf4 Bxa2 27. Nxe6 Ra4 28. Nc7 a5 29. Nc6 Bc5+ 30. Kh1 Bb3 31. Re1 Rxa1 32. Rxa1 a4 33. Re1 g5 34. h4 gxh4 35. Re4 h3 36. g3 h5 37. Kh2 Bd1 38. Nd8+ Kg6 39. Nce6 Bf2 40. Nf4+ Kh6 41. Nf7+ Kg7 42. Nd6 Bxf3 43. Re7+ Kg8 44. Nf5 1-0